[Event "Turniej Niepodleglosci 2021"]
[Site "Warsaw POL"]
[Date "2021.11.11"]
[Round "1.1"]
[White "Macieja, Bartlomiej"]
[Black "Czernek, Tymon"]
[Result "1-0"]
[WhiteElo "2454"]
[BlackElo "2005"]

1. Nf3 Nf6 2. c4 g6 3. Nc3 Bg7 4. e4 d6 5. d4 O-O 6. h3 e5 7. d5 a5 8. Bg5
h6 9. Be3 Kh8 10. g4 Ng8 11. Rg1 Na6 12. Nd2 Nc5 13. Nb3 b6 14. Qc2 Bd7 15.
Nxc5 bxc5 16. a4 Qe7 17. Nb5 c6 18. dxc6 Bxc6 19. O-O-O Rfd8 20. Bg2 Bxb5
21. axb5 a4 22. Kd2 a3 23. Ra1 a2 24. b4 Qa7 25. Ke2 Qa3 26. bxc5 dxc5 27.
Rgc1 Ne7 28. Qc3 Qa7 29. Rc2 f5 30. Qb3 Qb6 31. Rcxa2 Rxa2+ 32. Rxa2 f4 33.
Bd2 h5 34. Ba5 Qb8 35. Bxd8 Qxd8 36. Qd3 Qc8 37. gxh5 gxh5 38. Rd2 Qe6 39.
Bf3 Ng6 40. Rd1 Kh7 41. Qd5 Qb6 42. Qf7 Qa5 43. Rd7 Qa2+ 44. Kf1 Qb1+ 45.
Bd1 Kh6 46. Qxg7+ Kg5 47. Rd6 Kh4 48. Qxg6 f3 49. Qg3# 1-0

[Event "Turniej Niepodleglosci 2021"]
[Site "Warsaw POL"]
[Date "2021.11.11"]
[Round "1.2"]
[White "Siekanski, Janusz"]
[Black "Jakubowski, Krzysztof"]
[Result "0-1"]
[WhiteElo "2005"]
[BlackElo "2412"]

1. d4 Nf6 2. c4 e6 3. Nc3 Bb4 4. e3 O-O 5. Bd3 d5 6. a3 Bxc3+ 7. bxc3 c5 8.
cxd5 exd5 9. Ne2 Nc6 10. f3 Re8 11. O-O Be6 12. Bc2 Rc8 13. Rb1 Na5 14. e4
dxe4 15. fxe4 Ba2 16. Rb2 Bc4 17. Bg5 cxd4 18. Bxf6 gxf6 19. Nxd4 Bxf1 20.
Qxf1 Rxc3 21. Nf5 Qc7 22. Qe2 Qf4 23. Qe1 Rxc2 24. Rxc2 Qxf5 25. Rf2 Rxe4
26. Qc3 Qe5 27. Qc8+ Kg7 28. h3 Re1+ 0-1

[Event "Turniej Niepodleglosci 2021"]
[Site "Warsaw POL"]
[Date "2021.11.11"]
[Round "1.3"]
[White "Heberla, Bartlomiej"]
[Black "Kubicka, Anna"]
[Result "1-0"]
[WhiteElo "2411"]
[BlackElo "2000"]

1. d4 Nf6 2. Nf3 d5 3. c4 e6 4. Nc3 Bb4 5. Qa4+ Nc6 6. Bg5 h6 7. Bxf6 Qxf6
8. e3 O-O 9. Rc1 Rd8 10. Be2 dxc4 11. Qb5 a6 12. Qxc4 Bf8 13. O-O Qg6 14.
Bd3 Qh5 15. Bb1 Bd7 16. Ne4 Be8 17. Qc2 f5 18. Nc5 Bxc5 19. Qxc5 Bf7 20. a3
Rd5 21. Qc3 Rf8 22. Ba2 Rdd8 23. b4 g5 24. Qc5 Kh7 25. Ne5 Nxe5 26. Qxe5 c6
27. Qc7 Rb8 28. Bxe6 Qg6 29. d5 cxd5 30. Bxd5 Rbd8 31. Bxb7 f4 32. f3 Kg8
33. Be4 Qf6 34. Rc6 Qg7 35. exf4 gxf4 36. Rd6 Rc8 37. Qb6 Rb8 38. Qxa6 Rbd8
39. Rfd1 Rxd6 40. Qxd6 1-0

[Event "Turniej Niepodleglosci 2021"]
[Site "Warsaw POL"]
[Date "2021.11.11"]
[Round "1.4"]
[White "Smieszek, Wojciech"]
[Black "Bednarek, Sylwester"]
[Result "0-1"]
[WhiteElo "1992"]
[BlackElo "2361"]

1. e4 e6 2. d4 d5 3. Bd3 dxe4 4. Bxe4 Nf6 5. Bf3 c5 6. Ne2 Nc6 7. Be3 cxd4
8. Nxd4 Ne5 9. Be2 Bd7 10. O-O a6 11. Nc3 Qc7 12. a3 Nc4 13. Bxc4 Qxc4 14.
Qf3 Bd6 15. Rad1 Qc7 16. h3 O-O 17. Bg5 Bh2+ 18. Kh1 Be5 19. Rfe1 h6 20.
Bh4 Rfe8 21. Qe2 Bxd4 22. Rxd4 Nh7 23. Bg3 e5 24. Bxe5 Qc8 25. Qd2 Bc6 26.
Rg4 Ng5 27. Kg1 f6 28. f4 Nxh3+ 29. gxh3 fxe5 30. fxe5 Qf5 31. Qf4 Qh5 32.
Qg3 Kh8 33. e6 Re7 34. Re5 Qe8 35. Rg6 Rd8 36. Ne2 Rd1+ 37. Kf2 Rd2 38. Qe3
Rxe2+ 39. Kxe2 Qxg6 40. Qc5 Rxe6 0-1

[Event "Turniej Niepodleglosci 2021"]
[Site "Warsaw POL"]
[Date "2021.11.11"]
[Round "1.5"]
[White "Nguyen, Piotr"]
[Black "Gorniewicz, Oskar"]
[Result "1-0"]
[WhiteElo "2351"]
[BlackElo "1979"]

1. d4 f5 2. c4 Nf6 3. Nc3 e6 4. g3 Bb4 5. Bg2 O-O 6. Nf3 Ne4 7. Qb3 c5 8.
dxc5 Bxc3+ 9. bxc3 Nxc5 10. Qa3 Ne4 11. O-O Nc6 12. Rd1 Qa5 13. Rd3 Qc5 14.
Qxc5 Nxc5 15. Rd2 Ne4 16. Rc2 b6 17. Ba3 Rd8 18. Nd2 Nf6 19. c5 b5 20. c4
Rb8 21. Rb1 Nd4 22. Rcb2 Nxe2+ 23. Kf1 Nc3 24. Rc1 Na4 25. Rxb5 Rxb5 26.
cxb5 d5 27. cxd6 Bd7 28. Bc6 Nb6 29. Nc4 Nbd5 30. Ne5 Be8 31. Bxe8 Nxe8 32.
d7 1-0

[Event "Turniej Niepodleglosci 2021"]
[Site "Warsaw POL"]
[Date "2021.11.11"]
[Round "1.6"]
[White "Jakubowska, Anna"]
[Black "Nasuta, Grzegorz"]
[Result "0-1"]
[WhiteElo "1975"]
[BlackElo "2347"]

1. e4 c5 2. Nc3 a6 3. g3 b5 4. Bg2 Bb7 5. a4 b4 6. Nd5 e6 7. Ne3 Nf6 8. e5
Bxg2 9. Nxg2 Nd5 10. f4 Nc6 11. Nf3 d6 12. O-O Qc7 13. Qe2 Be7 14. exd6
Qxd6 15. d3 Nd4 16. Nxd4 cxd4 17. f5 e5 18. Qg4 O-O 19. Nh4 Bxh4 20. Qxh4
Rac8 21. Rf2 Rc6 22. f6 Nxf6 23. Bg5 Nd5 24. Re1 f6 25. Bc1 Rfc8 26. Qh5
Qd7 27. Ree2 b3 28. g4 h6 29. Qg6 Rxc2 30. Bxh6 Qf7 31. Qxf7+ Kxf7 32. Bd2
Rxb2 33. g5 Rb1+ 34. Be1 Nf4 0-1

[Event "Turniej Niepodleglosci 2021"]
[Site "Warsaw POL"]
[Date "2021.11.11"]
[Round "1.7"]
[White "Gdanski, Jacek"]
[Black "Budzinski, Jan"]
[Result "1-0"]
[WhiteElo "2326"]
[BlackElo "1966"]

1. e4 c5 2. Nc3 Nc6 3. Nf3 e6 4. Bb5 Qc7 5. O-O d6 6. d4 cxd4 7. Qxd4 Bd7
8. Bxc6 Bxc6 9. Re1 a6 10. Nd5 Bxd5 11. exd5 e5 12. Nxe5 dxe5 13. Rxe5+ Kd8
14. d6 Qc6 15. Bg5+ f6 16. Rc5 Qd7 17. Bf4 Rc8 18. Re1 g5 19. Rc7 Qb5 20.
d7 1-0

[Event "Turniej Niepodleglosci 2021"]
[Site "Warsaw POL"]
[Date "2021.11.11"]
[Round "1.8"]
[White "Adamski, Jan"]
[Black "Mis, Mieszko"]
[Result "1/2-1/2"]
[WhiteElo "1962"]
[BlackElo "2325"]

1. Nf3 Nf6 2. c4 e6 3. g3 d5 4. Bg2 dxc4 5. Qa4+ Bd7 6. Qxc4 c5 7. Ne5 Qc8
8. d4 cxd4 9. Qxc8+ Bxc8 10. Nd2 Nfd7 11. Nxd7 Nxd7 12. f4 Nc5 13. Nb3 Nxb3
14. axb3 Bc5 15. Bd2 O-O 16. Kf2 Rb8 17. Rhc1 Bb6 18. Ba5 Bxa5 19. Rxa5 a6
20. Rd1 Rd8 21. Ra4 Kf8 22. Raxd4 Rxd4 23. Rxd4 Ke7 24. Ke3 Bd7 25. Rd3 b6
26. Rc3 Kd6 27. Rd3+ Ke7 28. Rc3 Kd6 29. Rd3+ Ke7 30. Rc3 1/2-1/2

[Event "Turniej Niepodleglosci 2021"]
[Site "Warsaw POL"]
[Date "2021.11.11"]
[Round "1.9"]
[White "Kosakowski, Jakub"]
[Black "Redzisz, Michal"]
[Result "1-0"]
[WhiteElo "2297"]
[BlackElo "1958"]

1. e4 e5 2. Nf3 Nf6 3. d4 Nxe4 4. dxe5 d5 5. Nbd2 Nxd2 6. Qxd2 Be6 7. Bd3
Be7 8. Qf4 Nd7 9. Qg3 g6 10. Ng5 Nc5 11. Nxe6 Nxe6 12. Qf3 c6 13. Be3 Bg5
14. O-O-O Qe7 15. Kb1 Bxe3 16. Qxe3 Qc5 17. Qg3 O-O-O 18. f4 Kb8 19. Rhf1
Qb4 20. a3 Qb6 21. f5 Nc5 22. Qf4 Ka8 23. g4 d4 24. Bc4 Na4 25. Bb3 Nc5 26.
Bxf7 d3 27. Qb4 dxc2+ 28. Kxc2 Qc7 29. Qxc5 Qxf7 30. e6 Qf6 31. Rxd8+ Rxd8
32. Rd1 1-0

[Event "Turniej Niepodleglosci 2021"]
[Site "Warsaw POL"]
[Date "2021.11.11"]
[Round "1.10"]
[White "Kozlowski, Pawel"]
[Black "Kanarek, Marcel"]
[Result "1-0"]
[WhiteElo "1956"]
[BlackElo "2293"]

1. e4 c5 2. Nc3 d6 3. d4 cxd4 4. Qxd4 Nc6 5. Qd2 Nf6 6. b3 e6 7. Bb2 Be7 8.
O-O-O O-O 9. f3 Qa5 10. Kb1 a6 11. g4 b5 12. Nge2 b4 13. Na4 Bd7 14. g5 Ne8
15. f4 Rb8 16. h4 Na7 17. h5 Bxa4 18. bxa4 Qxa4 19. h6 Nb5 20. hxg7 Nxg7
21. Rc1 Rfc8 22. Ka1 e5 23. fxe5 dxe5 24. Bxe5 Nc3 25. Nxc3 bxc3 26. Qh2
Ba3 27. Qxh7+ Kf8 28. Qxg7+ Ke7 29. Qf6+ Ke8 30. Rh8+ Bf8 31. Rxf8+ Kxf8
32. Qd6+ Kg8 33. Qh6 1-0

[Event "Turniej Niepodleglosci 2021"]
[Site "Warsaw POL"]
[Date "2021.11.11"]
[Round "1.11"]
[White "Jarmula, Lukasz"]
[Black "Golecki, Jan"]
[Result "1-0"]
[WhiteElo "2278"]
[BlackElo "1943"]

1. Nf3 d5 2. c4 e6 3. g3 Nf6 4. Bg2 c6 5. O-O Be7 6. b3 O-O 7. Bb2 Nbd7 8.
d4 b6 9. Nc3 Ba6 10. Nd2 Rc8 11. e4 dxc4 12. bxc4 c5 13. d5 Ne5 14. Qa4 Bb7
15. Qxa7 Nd3 16. Qa3 Ra8 17. Qb3 Nxb2 18. Qxb2 exd5 19. exd5 Ng4 20. h3 Ne5
21. Rab1 Ra6 22. Qc2 Bc8 23. Rfe1 Bf6 24. Nce4 Bf5 25. g4 Bg6 26. f4 Bxe4
27. Nxe4 Ng6 28. Rf1 Bd4+ 29. Kh1 Nh4 30. Rfe1 f5 31. Ng5 Qd6 32. Qe2 fxg4
33. Ne6 Nxg2 34. Qxg2 gxh3 35. Qxh3 Rfa8 36. Nxd4 cxd4 37. Qe6+ Qxe6 38.
dxe6 Rxa2 39. Rxb6 d3 40. Rd6 Rf2 41. e7 Re8 42. Re4 Re2 43. Rxe2 dxe2 44.
Re6 Kf7 45. Rxe2 Rxe7 46. Rc2 Rc7 47. Kg2 Rc5 48. Kf3 Kf6 49. Ke4 Ke6 50.
Kd4 Rc8 51. c5 Kf5 52. Rf2 Rd8+ 53. Kc4 Ke4 54. c6 Rd1 55. Kc5 Ke3 56. Rh2
Kxf4 57. Rxh7 g5 58. Rd7 Rc1+ 59. Kb5 Ke3 60. Re7+ Kf4 61. Ra7 Rxc6 62.
Kxc6 g4 63. Kd5 Kf3 64. Ra3+ Kf2 65. Ke4 g3 66. Ra2+ Kf1 67. Kf3 1-0

[Event "Turniej Niepodleglosci 2021"]
[Site "Warsaw POL"]
[Date "2021.11.11"]
[Round "1.12"]
[White "Krasiewicz, Robert"]
[Black "Kowalski, Igor"]
[Result "0-1"]
[WhiteElo "1931"]
[BlackElo "2263"]

1. c4 c6 2. Nf3 Nf6 3. g3 g6 4. Bg2 Bg7 5. b3 Ne4 6. d4 d5 7. O-O O-O 8.
Bb2 Bf5 9. h3 a5 10. Nc3 Nxc3 11. Bxc3 Qd7 12. Kh2 Be4 13. Qd2 a4 14. Rfd1
Qc7 15. Rac1 axb3 16. axb3 Nd7 17. Bb4 Rfe8 18. e3 Nf6 19. Ra1 h6 20. Qb2
g5 21. Ne5 Bxg2 22. Kxg2 Nd7 23. Nd3 c5 24. Rxa8 Rxa8 25. Bc3 cxd4 26. Bxd4
e5 27. Bc3 dxc4 28. bxc4 Rc8 29. Kg1 Qxc4 30. Qxb7 Rc7 31. Qa8+ Kh7 32. Ba5
Rc8 33. Qf3 Qa4 34. Rd2 Kg8 35. Bb4 Rc4 36. Qb7 Qa1+ 37. Kg2 Qa4 38. Be7
Qc6+ 39. Qxc6 Rxc6 40. Nb4 Rc7 41. Bd6 Rb7 42. Nd5 f6 43. Ne7+ Kf7 44. Nf5
Kg6 45. Nxg7 Kxg7 46. f4 gxf4 47. exf4 e4 48. f5 Rb5 49. g4 Nb6 50. Bf4 Nd5
51. Kf2 Nxf4 52. Rd7+ Kf8 53. Kg3 Nd3 0-1

[Event "Turniej Niepodleglosci 2021"]
[Site "Warsaw POL"]
[Date "2021.11.11"]
[Round "2.1"]
[White "Lewandowski, Rafal"]
[Black "Macieja, Bartlomiej"]
[Result "0-1"]
[WhiteElo "2156"]
[BlackElo "2454"]

1. e4 c5 2. Nf3 Nc6 3. d4 cxd4 4. Nxd4 Qc7 5. c4 Nf6 6. Nc3 Nxe4 7. Nxe4
Qe5 8. Nxc6 Qxe4+ 9. Be2 dxc6 10. O-O Be6 11. f3 Qe5 12. Qc2 g6 13. Rf2 Bg7
14. Qb3 O-O 15. a4 b6 16. Bf1 Qc5 17. Be3 Bd4 18. Bxd4 Qxd4 19. Rd1 Qc5 20.
Qa3 Qxa3 21. bxa3 Rfd8 22. Rfd2 Rxd2 23. Rxd2 Kf8 24. Kf2 Ke8 25. Be2 c5
26. Rb2 Kd7 27. Ke3 Kc7 28. Rd2 Rd8 29. Rxd8 Kxd8 30. f4 Kc7 31. g3 0-1

[Event "Turniej Niepodleglosci 2021"]
[Site "Warsaw POL"]
[Date "2021.11.11"]
[Round "2.2"]
[White "Jakubowski, Krzysztof"]
[Black "Pacan-milej, Kosma"]
[Result "1-0"]
[WhiteElo "2412"]
[BlackElo "2144"]

1. e4 c6 2. Nf3 d5 3. d3 dxe4 4. dxe4 Qxd1+ 5. Kxd1 Nf6 6. Nfd2 g5 7. a4
Be6 8. f3 Rg8 9. Bc4 Bxc4 10. Nxc4 Nbd7 11. Be3 g4 12. Nbd2 gxf3 13. gxf3
Rg2 14. Ke1 Bg7 15. Kf1 Rg6 16. a5 Nh5 17. Kf2 Bh6 18. Nf1 Bxe3+ 19. Nfxe3
Nf4 20. Rad1 Nc5 21. h4 h5 22. b4 Nce6 23. Ne5 Rg8 24. a6 bxa6 25. Nxc6 Rc8
26. Nd4 Nxd4 27. Rxd4 Rg6 28. c4 Rgc6 29. e5 Ne6 30. Rd5 Rb8 31. Rg1 Kf8
32. Nf5 Nf4 33. Rg8+ Kxg8 34. Nxe7+ Kg7 35. Nxc6 Rc8 36. Rd6 Ng6 37. c5
Nxh4 38. Nxa7 Rc7 39. Rxa6 Nf5 40. Nb5 Rb7 41. Rb6 Re7 42. f4 h4 43. Nd6
Nd4 44. Ke3 Nc2+ 45. Kd2 Nd4 46. Kd3 h3 47. Kxd4 Rd7 48. Ke4 h2 49. Nf5+
Kg8 50. Rh6 1-0

[Event "Turniej Niepodleglosci 2021"]
[Site "Warsaw POL"]
[Date "2021.11.11"]
[Round "2.3"]
[White "Malec, Sebastian"]
[Black "Heberla, Bartlomiej"]
[Result "0-1"]
[WhiteElo "2155"]
[BlackElo "2411"]

1. e4 e5 2. Nf3 Nc6 3. Bb5 a6 4. Ba4 g6 5. d4 b5 6. Bb3 exd4 7. Nxd4 Na5 8.
O-O Bg7 9. c3 Nxb3 10. axb3 Bb7 11. e5 Qh4 12. Re1 Ne7 13. Nd2 O-O 14. N2f3
Qh5 15. b4 Nf5 16. Bf4 Qg4 17. Bg3 Nxg3 18. hxg3 Rad8 19. Nh2 Qxd1 20.
Raxd1 Rfe8 21. f4 f6 22. exf6 Bxf6 23. Ng4 Bg7 24. Kf2 Kf7 25. Nf3 Bxf3 26.
gxf3 d6 27. Ra1 Rxe1 28. Kxe1 Ra8 29. Ne3 Ke6 30. Kd2 c5 31. Nc2 Kd5 32.
Re1 Bf6 33. Ne3+ Kc6 34. Ng4 Bd8 35. Nh6 Kd7 36. g4 Be7 37. g5 Rf8 38. Ke3
d5 39. Rh1 Bd6 40. f5 gxf5 41. f4 cxb4 42. cxb4 Bxb4 43. Rd1 Ke6 44. Kf3
Rc8 45. Rd3 Rc4 46. Ng8 Bd6 47. Re3+ Re4 48. Nf6 Rxe3+ 49. Kxe3 h6 50. Ne8
Bc5+ 51. Kf3 hxg5 52. fxg5 Be7 53. g6 Bf6 54. Nc7+ Kd6 55. Ne8+ Ke7 56. Nc7
Bxb2 57. Nxd5+ Kd6 58. Ne3 Ke6 59. Nd1 Bd4 60. Ke2 f4 61. Kd3 Be5 62. Ke4
a5 63. Nf2 a4 64. Nd3 Bd6 65. g7 Kf7 66. Kd5 a3 67. Nc1 f3 68. Kxd6 f2 0-1

[Event "Turniej Niepodleglosci 2021"]
[Site "Warsaw POL"]
[Date "2021.11.11"]
[Round "2.4"]
[White "Bednarek, Sylwester"]
[Black "Chylewski, Patryk"]
[Result "1-0"]
[WhiteElo "2361"]
[BlackElo "2135"]

1. d4 Nf6 2. Bg5 Ne4 3. Bh4 d5 4. f3 Nd6 5. Nc3 c6 6. e4 Qb6 7. Rb1 e6 8.
Nh3 Nd7 9. Be2 g6 10. Qd2 Bg7 11. Bg3 Bf8 12. O-O Be7 13. Nf2 O-O 14. b4 a6
15. Na4 Qd8 16. Nc5 b6 17. Ncd3 Nc4 18. Qc1 a5 19. b5 c5 20. exd5 exd5 21.
Nf4 Bb7 22. Bxc4 dxc4 23. d5 Re8 24. d6 Bg5 25. Qd2 h5 26. N2h3 h4 27. Bf2
Qf6 28. Rbd1 Ne5 29. Nd5 Bxd5 30. Qxd5 Bh6 31. Rfe1 Rad8 32. Qe4 g5 33. d7
Re7 34. f4 gxf4 35. Rd5 Ng6 36. Qf3 Rexd7 37. Rh5 Bg7 38. Qg4 Rd2 39. Rf5
Qd6 40. Qh5 Rd1 41. Ng5 Rxe1+ 42. Bxe1 Qd4+ 43. Kf1 Rd7 44. Qh7+ Kf8 45.
Qxg6 Kg8 46. Rxf7 f3 47. Qh7# 1-0

[Event "Turniej Niepodleglosci 2021"]
[Site "Warsaw POL"]
[Date "2021.11.11"]
[Round "2.5"]
[White "Praczukowski, Stanislaw"]
[Black "Nguyen, Piotr"]
[Result "0-1"]
[WhiteElo "2097"]
[BlackElo "2351"]

1. d4 g6 2. Nf3 Bg7 3. c4 c5 4. d5 d6 5. g3 b5 6. cxb5 a6 7. bxa6 Nf6 8.
Bg2 Nbd7 9. O-O Nb6 10. Nc3 O-O 11. Bf4 Bxa6 12. b3 Ne8 13. Rc1 Nc7 14. Ne1
Bb7 15. e4 Bxc3 16. Rxc3 Rxa2 17. Bh6 Re8 18. Nf3 Qa8 19. Ng5 Qa5 20. Rc2
Rxc2 21. Qxc2 Ba6 22. Qb2 f6 23. Ra1 Qb4 24. Bh3 Nc4 25. Qc1 fxg5 26. bxc4
Qxc4 27. Qxg5 Qxe4 28. Rd1 Bc8 29. Bg2 Qe2 30. Ra1 Bf5 31. h4 Be4 32. Bxe4
Qxe4 33. Rd1 Qf5 34. Qd2 Ra8 35. Bg5 Kf7 36. Qb2 Ra4 37. Kg2 Rb4 38. Qa3
Nxd5 39. Qa8 Nf6 40. Qa2+ Qe6 41. Qa7 Qe4+ 42. Kg1 Rb2 43. Qa3 Qe2 44. Rf1
Ne4 45. Qa8 Nxg5 46. hxg5 Qe5 47. Qc8 Qxg5 48. Re1 Qf5 0-1

[Event "Turniej Niepodleglosci 2021"]
[Site "Warsaw POL"]
[Date "2021.11.11"]
[Round "2.6"]
[White "Nasuta, Grzegorz"]
[Black "Bartel, Marta"]
[Result "1-0"]
[WhiteElo "2347"]
[BlackElo "2058"]

1. e4 c5 2. Nf3 Nc6 3. Bb5 d6 4. O-O Bd7 5. Re1 Nf6 6. c3 a6 7. Bf1 Bg4 8.
h3 Bh5 9. g4 Bg6 10. d4 cxd4 11. cxd4 d5 12. exd5 Nxd5 13. Nc3 e6 14. Qb3
Be7 15. Nxd5 Qxd5 16. Qxd5 exd5 17. Bf4 O-O 18. Ne5 Nxd4 19. Rad1 Ne6 20.
Nxg6 hxg6 21. Be5 Rfd8 22. Bg2 d4 23. Bxb7 Ra7 24. Bg2 Bf6 25. Bf1 a5 26.
Bc4 Bxe5 27. Rxe5 Nf4 28. Kh2 Kf8 29. Re4 g5 30. Rexd4 Rxd4 31. Rxd4 Ke7
32. h4 f6 33. Kg3 Rc7 34. b3 Rc5 35. hxg5 fxg5 36. Kf3 Ng6 37. Ke3 Nf4 38.
f3 Ng2+ 39. Kd2 Nf4 40. Re4+ Kf6 41. Re8 a4 42. Rf8+ Ke7 43. Rf7+ Kd6 44.
Rxg7 axb3 45. axb3 Re5 46. Rf7 Kc5 47. Rf5 Kd4 48. Rxe5 Kxe5 49. Kc3 Kd6
50. Kd4 Ng6 51. Ke4 Nh4 52. Be2 Kc5 53. f4 gxf4 54. Kxf4 Kb4 55. Bc4 1-0

[Event "Turniej Niepodleglosci 2021"]
[Site "Warsaw POL"]
[Date "2021.11.11"]
[Round "2.7"]
[White "Osiecki, Stanislaw"]
[Black "Gdanski, Jacek"]
[Result "0-1"]
[WhiteElo "2054"]
[BlackElo "2326"]

1. e4 e6 2. d4 d5 3. e5 c5 4. c3 Nc6 5. Nf3 Bd7 6. dxc5 Bxc5 7. Bd3 f6 8.
Bf4 fxe5 9. Nxe5 Qf6 10. Nxd7 Bxf2+ 11. Kxf2 Qxf4+ 12. Ke1 Kxd7 13. Nd2 Nf6
14. Qe2 Qe5 15. Nb3 Kd6 16. Kd2 Qxe2+ 17. Bxe2 Ne4+ 18. Kc2 Rhf8 19. Bf3
Ng5 20. Nd2 Rac8 21. Kb3 Ne5 22. Rhf1 Ngxf3 23. Nxf3 Nxf3 24. Rxf3 Rxf3 25.
gxf3 Rf8 26. Rf1 g6 27. Kc2 Rf4 28. Kd2 e5 29. Ke3 Rh4 30. Rf2 g5 31. b3 b5
32. a3 h6 33. Kd3 a5 34. b4 a4 35. Ke3 Rh3 36. Kd2 Ke6 37. Ke2 Rh4 38. Kd3
Kf5 39. Ke3 Rh3 40. Rd2 Ke6 41. Rf2 g4 0-1

[Event "Turniej Niepodleglosci 2021"]
[Site "Warsaw POL"]
[Date "2021.11.11"]
[Round "2.8"]
[White "Sanz Losada, Victoriano"]
[Black "Kosakowski, Jakub"]
[Result "0-1"]
[WhiteElo "2051"]
[BlackElo "2297"]

1. d4 Nf6 2. c4 e6 3. Nc3 Bb4 4. e3 O-O 5. Ne2 Re8 6. a3 Bf8 7. Ng3 d5 8.
Bd3 c5 9. dxc5 dxc4 10. Bxc4 Qxd1+ 11. Kxd1 Bxc5 12. Nge4 Be7 13. Nxf6+
Bxf6 14. Ne4 Be7 15. Bd2 b6 16. Bc3 Bb7 17. Nd2 Nd7 18. Nf3 Rac8 19. Bb5
Red8 20. Ke2 Nc5 21. Rhd1 a6 22. Bd3 Bd5 23. Bc2 f6 24. Ne1 Ne4 25. Bxe4
Bxe4 26. f3 Bd5 27. Bd4 b5 28. Rac1 Bc4+ 29. Kf2 Kf7 30. Bb6 Rxd1 31. Rxd1
Rb8 32. Ba5 f5 33. b4 Bd5 34. Nc2 Rc8 35. Nd4 Rc3 36. Nxf5 Bb3 37. Nd6+ Kg6
38. Rd2 Bd5 39. e4 Bxd6 40. exd5 exd5 41. Rxd5 Bxh2 42. Rc5 Rxa3 43. Rc6+
Kf5 44. Rxa6 Ra2+ 45. Kf1 Bg3 46. Ra7 Rf2+ 47. Kg1 Re2 48. Kf1 0-1

[Event "Turniej Niepodleglosci 2021"]
[Site "Warsaw POL"]
[Date "2021.11.11"]
[Round "2.9"]
[White "Kowalski, Igor"]
[Black "Kozlowski, Pawel"]
[Result "1-0"]
[WhiteElo "2263"]
[BlackElo "1956"]

1. d4 Nf6 2. Nf3 g6 3. Nc3 Bg7 4. e4 d6 5. Bc4 O-O 6. Qe2 c6 7. Bb3 b5 8.
e5 dxe5 9. dxe5 Nh5 10. h3 b4 11. Ne4 Ba6 12. Qe3 Bh8 13. g4 Ng7 14. Qh6
1-0

[Event "Turniej Niepodleglosci 2021"]
[Site "Warsaw POL"]
[Date "2021.11.11"]
[Round "2.10"]
[White "Golecki, Jan"]
[Black "Nurkiewicz, Maciej"]
[Result "0-1"]
[WhiteElo "1943"]
[BlackElo "2257"]

1. d4 Nf6 2. c4 c5 3. d5 b5 4. cxb5 a6 5. bxa6 g6 6. Nc3 Bxa6 7. e4 Bxf1 8.
Kxf1 d6 9. g3 Bg7 10. Nge2 Nbd7 11. Kg2 O-O 12. Qc2 Qa5 13. h4 Rfb8 14. h5
Nxh5 15. Bg5 Nhf6 16. Rh4 c4 17. Nd4 Qb6 18. Ncb5 Ne5 19. a4 Rc8 20. Rah1
Nd3 21. Nc6 Rxc6 22. dxc6 Qxc6 23. f3 Qc5 24. Bh6 Bxh6 25. Rxh6 Rxa4 26.
Rd1 Qxb5 27. b3 Rb4 28. bxc4 Rb2 29. cxb5 Rxc2+ 30. Kg1 Ne5 31. Rb1 Nxf3+
32. Kh1 Nh5 33. Rxh5 gxh5 34. b6 Rh2# 0-1

[Event "Turniej Niepodleglosci 2021"]
[Site "Warsaw POL"]
[Date "2021.11.11"]
[Round "2.12"]
[White "Baum, Jonasz"]
[Black "Kaczmarska, Joanna"]
[Result "1-0"]
[WhiteElo "2209"]
[BlackElo "1827"]

1. d4 d5 2. c4 e6 3. Nf3 Nf6 4. g3 Bb4+ 5. Nbd2 dxc4 6. Bg2 O-O 7. Qc2 b5
8. a4 Bb7 9. axb5 Qd5 10. O-O Qxb5 11. Nxc4 Be4 12. Qa4 Qxc4 13. Nd2 Qxd4
14. Nxe4 Nd5 15. Rd1 Qb6 16. Nc3 c6 17. Nxd5 exd5 18. e4 d4 19. Bd2 Bxd2
20. Rxd2 Rd8 21. e5 Nd7 22. Qxc6 Qb4 23. e6 Qxd2 24. e7 Re8 25. Qxd7 Rac8
26. Bc6 Qxb2 27. Re1 Qb8 28. Qd5 Rxc6 29. Qxc6 f6 30. Qd5+ Kh8 31. Qxd4 Qc7
32. Qd5 h6 33. Qf7 Qd7 34. h4 a5 35. Kh2 a4 36. Qe6 Qxe6 37. Rxe6 Kg8 38.
Kg2 Kf7 39. Ra6 Rxe7 40. Rxa4 Ke6 41. Ra5 Rd7 42. Kf3 Rd5 43. Ra6+ Rd6 44.
Ra7 Rd7 45. Rxd7 Kxd7 46. Ke4 Ke6 47. g4 g6 48. f4 f5+ 49. gxf5+ gxf5+ 50.
Kd4 h5 51. Kc5 Ke7 52. Kd5 Kf6 53. Kd6 Kf7 54. Ke5 Kg6 55. Ke6 Kg7 56. Kxf5
Kh6 57. Kf6 Kh7 58. Kg5 Kg7 59. Kxh5 Kf6 60. Kg4 Kg6 61. f5+ Kf6 62. Kf4
Kg7 63. Ke5 Kf7 64. f6 Kf8 65. Ke6 Ke8 66. f7+ Kf8 67. h5 1-0

[Event "Turniej Niepodleglosci 2021"]
[Site "Warsaw POL"]
[Date "2021.11.11"]
[Round "3.1"]
[White "Macieja, Bartlomiej"]
[Black "Kowalski, Igor"]
[Result "1-0"]
[WhiteElo "2454"]
[BlackElo "2263"]

1. Nf3 d5 2. d4 Nf6 3. c4 c6 4. Qb3 g6 5. cxd5 cxd5 6. Nc3 Bg7 7. Bf4 O-O
8. e3 Nc6 9. h3 Na5 10. Qa3 Bf5 11. Rc1 Rc8 12. Be2 Ne4 13. O-O b6 14. Ba6
Rc6 15. Nxe4 dxe4 16. Ne5 Bxe5 17. Bxe5 Be6 18. Bg3 Bc4 19. Bxc4 Nxc4 20.
Qxa7 Rc8 21. Qb7 Nxb2 22. Rxc8 Qxc8 23. Qxe4 Qd7 24. Qc2 Na4 25. Rc1 b5 26.
a3 Nb6 27. Qc5 Nd5 28. Rb1 Rc8 29. Qxb5 Qf5 30. Qb7 Rc2 31. a4 h5 32. a5 g5
33. a6 h4 34. a7 hxg3 35. a8=Q+ Kg7 36. Qxd5 Qxf2+ 37. Kh1 Re2 38. Qxg5+
Kh7 39. Qag8# 1-0

[Event "Turniej Niepodleglosci 2021"]
[Site "Warsaw POL"]
[Date "2021.11.11"]
[Round "3.2"]
[White "Kosakowski, Jakub"]
[Black "Jakubowski, Krzysztof"]
[Result "1/2-1/2"]
[WhiteElo "2297"]
[BlackElo "2412"]

1. e4 c6 2. d4 d5 3. e5 Bf5 4. Nd2 e6 5. Nb3 Nd7 6. Nf3 a6 7. Be2 c5 8.
dxc5 Bxc5 9. Nxc5 Nxc5 10. Nd4 Bg6 11. Be3 Rc8 12. O-O Ne7 13. c3 b5 14. f4
O-O 15. Kh1 Be4 16. Rc1 Qd7 17. Kg1 Rc7 18. Qd2 Rfc8 19. Rfd1 Na4 20. Bf1
h6 21. Bf2 Nc6 22. Nxc6 Rxc6 23. Bd4 Qe7 24. b3 Nc5 25. Qe3 Bg6 26. c4 dxc4
27. bxc4 b4 28. g3 a5 29. Bg2 R6c7 30. Ba1 Na4 31. Bf1 Rc6 32. Rd2 Nb6 33.
Rd6 Rxd6 34. exd6 Qxd6 35. c5 Qc6 36. cxb6 Qxc1 37. Qxc1 Rxc1 38. b7 Rxa1
39. b8=Q+ Kh7 40. Qb5 Rxa2 41. Bd3 Ra3 42. Bxg6+ fxg6 43. g4 b3 44. f5 exf5
45. gxf5 gxf5 46. Qxf5+ Kg8 47. Qe6+ Kh7 48. Qe4+ Kh8 49. Qd4 a4 50. Qd8+
Kh7 51. Qd3+ Kh8 52. Qd8+ Kh7 53. Qd4 Ra2 54. Qc4 Rc2 55. Qe4+ Kh8 56. Qa8+
Kh7 57. Qe4+ Kh8 58. Qe8+ Kh7 59. Qe4+ Kh8 60. Qe8+ 1/2-1/2

[Event "Turniej Niepodleglosci 2021"]
[Site "Warsaw POL"]
[Date "2021.11.11"]
[Round "3.3"]
[White "Heberla, Bartlomiej"]
[Black "Wisniewski, Michal"]
[Result "1-0"]
[WhiteElo "2411"]
[BlackElo "2252"]

1. d4 Nf6 2. Nf3 g6 3. Nbd2 d5 4. e3 Bg7 5. b4 a5 6. b5 Nbd7 7. Ba3 O-O 8.
c4 c6 9. bxc6 bxc6 10. Be2 Ba6 11. O-O Re8 12. Rc1 e5 13. dxe5 Nxe5 14.
Nxe5 Rxe5 15. Nf3 Re4 16. Nd4 Rc8 17. cxd5 Bxe2 18. Qxe2 Qxd5 19. Qa6 Rce8
20. Rc2 Nd7 21. Qxc6 Qxc6 22. Nxc6 Ra4 23. Bd6 Bf8 24. Rd1 Bxd6 25. Rxd6
Ne5 26. Nd4 Nd3 27. g4 Nb4 28. Rc7 Na6 29. Rxa6 1-0

[Event "Turniej Niepodleglosci 2021"]
[Site "Warsaw POL"]
[Date "2021.11.11"]
[Round "3.4"]
[White "Nurkiewicz, Maciej"]
[Black "Bednarek, Sylwester"]
[Result "1-0"]
[WhiteElo "2257"]
[BlackElo "2361"]

1. e4 e6 2. d4 d5 3. Nd2 Nf6 4. e5 Ne4 5. Bd3 Nxd2 6. Bxd2 c5 7. c3 Qb6 8.
Ne2 Bd7 9. O-O Bb5 10. Bxb5+ Qxb5 11. dxc5 Bxc5 12. Nd4 Bxd4 13. cxd4 Qd3
14. Qa4+ Nc6 15. Be3 O-O 16. Rac1 f6 17. exf6 Rxf6 18. Qc2 Qxc2 19. Rxc2
Nb4 20. Rc7 Rf7 21. Rfc1 Nc6 22. Rxf7 Kxf7 23. Kf1 Re8 24. Ke2 e5 25. dxe5
Rxe5 26. Kd2 d4 27. Bf4 Rb5 28. b3 Ke6 29. Re1+ Kd7 30. Kd3 Ra5 31. a4 b5
32. Bd2 b4 33. Kc4 Rf5 34. f4 Kd6 35. g4 Rc5+ 36. Kd3 Rd5 37. Re8 h5 38. h3
hxg4 39. hxg4 g5 40. fxg5 Kd7 41. Rf8 Rd6 42. Rf7+ Ke8 43. Rf6 Ne5+ 44. Ke4
Rxf6 45. gxf6 Nxg4 46. Kf5 Ne3+ 47. Ke6 a5 48. f7+ Kf8 49. Bc1 Kg7 50. Bxe3
1-0